00289nam a22000737a 4500082002200000245013600022260003600158300002100194 a342.54910682bOAT aThe Oaths Act, 1873:bwith notaries ordinances, 1961 (law about oaths, affirmations and affidavits) and high court rules & orders / aLahore :bIrfan Law Book House, a104 p. ;c23 cm.